000 00705cab a2200253 4500
001 X2057
008 090401t1995 xxu||||| |||| 00| 0 eng d
035 _a(Sirsi) u21522
041 _aeng
245 _aEuropean agricultural development : CAP reform is to be continued
260 _c1995
350 _a0
490 _aCSM (Chartered Surveyor Monthly)
_v4(5) March 1995, 8(1)
650 _aCAP REFORM
650 _aCEEC
650 _aCENTRAL ABD EASTERN EUROPEAN COUNTRIES
650 _aCOMMON AGRICULTURAL POLICY
650 _aDGI
650 _aDIRECTORATE GENERAL FOR EXTERNAL ECONOMIC RELATIONS
650 _aFORESTRY
690 _aRURAL PRACTICE
942 _n0
948 _c04/03/1997
999 _c14447
_d14447